000 00458ntaaa2200193 4500
003 01
005 20251027203015.0
008 0714s1973 ag 01
040 _aAR-BaBN
_bspa
_cAR-BaBN
_eaacr
_dRIC
082 _a423.2000 R54
100 _aRobertson, Ricardo
_931154
245 _aDiccionario inglés-español y español-inglés
250 _a1 ed.
260 _as.l.,
_cs.f.
300 _a535 p
650 _ainglés
650 _aespañol
942 _cBK
999 _c25521
_d25521